| 000 | 00943nam a2200229 i 4500 | ||
|---|---|---|---|
| 001 | 15454 | ||
| 003 | ES-MaACL | ||
| 005 | 20230906151058.0 | ||
| 007 | t| | ||
| 008 | 000315s1999 sp |||| | spa d | ||
| 020 | _a84-451-1641-X | ||
| 080 | _a314.9(460.23)"1996" | ||
| 245 | 0 | 3 |
_aLa población y los hogares madrileños según la zonificación de servicios sociales _b: datos del padrón municipal de habitantes y estadística de población de la Comunidad de Madrid, 1996. |
| 260 |
_aMadrid : _bConsejería de Sanidad y Sevicios Sociales, _c1999. |
||
| 300 |
_a206 p. ; _c30 cm. |
||
| 490 | 1 |
_aCuadernos técnicos de servicios sociales ; _v5 |
|
| 651 |
_aMadrid (Comunidad Autónoma)- _vCensos. _9168225 |
||
| 710 | 2 |
_aMadrid (Comunidad Autónoma). _bConsejería de Sanidad y Servicios Sociales. _95608 |
|
| 830 | 0 |
_aCuadernos técnicos de servicios sociales ; _v5 _9179774 |
|
| 852 |
_aES-MaACL _jL-22462 |
||
| 999 |
_c15454 _d15454 |
||